000 004680000a22001690004500
041 0 _aSPA
082 0 4 _aG 261.21 B574c
100 1 _aBaez Camargo, Gonzalo
245 1 0 _aEl comunismo, el cristianismo y los cristianos / Gonzalo Baez Camargo
260 _aMéxico : Casa Unida de Publicaciones
300 _a101 Pag
001 10035
942 _cBK
999 _c39793
_d39793
336 _atexto
_btxt
_2rdacontent
337 _2rdamedia
_asin mediación
_bn
338 _2rdacarrier
_avolumen
_bnc